000 00297nam a22001337a 4500
008 170927b xxu||||| |||| 00| 0 eng d
020 _a9780312195823
041 _aeng
080 _23RD
_a37
100 _a47
101 _aEDU
245 _aSIGNS OF LIFE IN THE USA
_cMAASIK,.S
942 _2udc
_cBK
999 _c30268
_d30268